000 00428nam a2200169Ia 4500
008 180921t xxu||||| |||| 00| 0 sin d
041 _asin
080 _a635.25
_bLOK
245 _aලොකු ළුූණු වගාව
246 _aLoku lunu vagaava
260 _bDepartment of agriculture
300 _a26p., ill., 25 cm
650 _aOnion
942 _cBK
999 _c16816
_d16816
003 LK-CoDNM
040 _aLK-CoDNM
_dLK-CoDNM
_eLK-CoDNM